Bronko Nagurski Trophy Winners - Statistics

General Stats
  • This quiz has been taken 5 times
    3 since last reset
  • The average score is 6 of 30
Answer Stats
Year College Position Answer % Correct
2021 Alabama LB Will Anderson Jr.
100%
2013 Pittsburgh DT Aaron Donald
67%
2011 Boston College LB Luke Kuechly
67%
2012 Notre Dame LB Manti Te'o
67%
2009 Nebraska DT Ndamukong Suh
67%
2001 Oklahoma S Roy Williams
67%
2017 NC State DE Bradley Chubb
33%
1998 Georgia CB Champ Bailey
33%
1997 Michigan CB Charles Woodson
33%
2019 Ohio State DE Chase Young
33%
2018 Kentucky LB Josh Allen
33%
1994 Miami (FL) DT Warren Sapp
33%
2008 Texas LB Brian Orakpo
0%
1999 Virginia Tech LB Corey Moore
0%
2000 Miami (FL) LB Dan Morgan
0%
2010 Clemson DE Da'Quan Bowers
0%
2004 Texas LB Derrick Johnson
0%
2003 Oklahoma CB Derrick Strait
0%
2005 Louisville DE Elvis Dumervil
0%
2007 LSU DT Glenn Dorsey
0%
2006 Ohio State LB James Laurinitis
0%
2016 Alabama DE Jonathan Allen
0%
1995 Northwestern LB Pat Fitzgerald
0%
1996 Nortwestern LB Pat Fitzgerald
0%
1993 Arizona DT Rob Waldrop
0%
2014 Arizona LB Scooby Wright
0%
2002 Arizona State DE Terrell Suggs
0%
2015 Temple LB Tyler Matakevich
0%
2022 Alabama LB Will Anderson Jr.
0%
2020 Tulsa LB Zaven Collins
0%
No matching quizzes found
Score Distribution
Percent of People with Each Score
Percentile by Number Answered
Your Score History
You have not taken this quiz since the last reset